| 000 | 00645nam a2200169 a 4500 | ||
|---|---|---|---|
| 008 | 101012s2004 ||||||||||||||||| || u | ||
| 020 | _a9780521533911 | ||
| 050 | _aQA 372 Rob | ||
| 100 | _aRobinson, James C | ||
| 245 | 1 | 3 | _aAn introduction to ordinary differential equations |
| 260 |
_aCambridge: _bCambridge University Press _c2004 |
||
| 300 | _axiv, 399p.: ill | ||
| 350 | _a0.00 | ||
| 650 | 0 | _aPHYSICS | |
| 650 | _aDIFFERENTIAL EQUATIONS--PROBLEMS, EXERCISES, ETC. | ||
| 995 |
_D0.00 _FCBU-MAIN LIBRARY (Kitwe) _H1 _I0.00 _M1 _UAVAILABLE _WJan 5, 2011 _ZMain Library Open Access Collection |
||
| 999 |
_c47915 _d47915 |
||